| 000 | 00969nam a22003017a 4500 | ||
|---|---|---|---|
| 999 |
_c20526 _d20526 |
||
| 005 | 20191029032122.0 | ||
| 008 | 191028b xxu||||| |||| 00| 0 spa d | ||
| 020 | _a9788968111907 | ||
| 040 |
_aCO-BoIAVH _cCO-BoIAVH |
||
| 041 | _aeng | ||
| 044 | _ako | ||
| 082 |
_a571.5929 _bL51b |
||
| 100 |
_aLee, Jong Kyu _eAutor |
||
| 245 |
_aBiodiversity of Cambodia: _bMushrooms |
||
| 260 |
_aIncheon: _bNational Institute of Biological Resources, _c2015. |
||
| 300 |
_a280 Páginas: _bfotografías, _c22 x 15 cm. |
||
| 490 | _aBiodiversity of Cambodia | ||
| 650 | 0 | _aBiodiversidad | |
| 650 | 0 |
_aHongos _xTaxonomía |
|
| 700 |
_aKyu Kim, Nam _eAutor |
||
| 700 |
_aHeung Lee, Jin _eAutor |
||
| 700 |
_aWon Jo, Jong _eAutor |
||
| 700 |
_aHa Yoon, Young _eAutor |
||
| 700 |
_aTae Kim, Yong _eAutor |
||
| 700 |
_aNgeth, Chea _eAutor |
||
| 700 |
_aBunthoeun, Roth _eAutor |
||
| 942 |
_2ddc _cLIBRO |
||